| 000 | 00598cam a2200229ua 4500 | ||
|---|---|---|---|
| 001 | 6869 | ||
| 008 | 140311n ii |||gr||||Z||||||eng | ||
| 020 | _a81-7096-379-6 | ||
| 040 | _cMAIN | ||
| 082 | _a651 | ||
| 245 |
_aCommercial practice _cBy S.S. Sarkar |
||
| 250 | _a1st ed/ rep. | ||
| 260 |
_aLudhiana: _bKalyani publishers, _c1994. |
||
| 300 | _axv,271p. | ||
| 653 | _aOffice services | ||
| 653 | _aCommercial practice | ||
| 700 |
_aSarkar,S.S., _eAuthor., |
||
| 700 |
_aSharma,R.K., _eAuthor. |
||
| 700 |
_aGupta,Shashi K., _eAuthor. |
||
| 700 |
_aNayyar,Sushil, _eAuthor. |
||
| 942 | _cBK | ||
| 999 |
_c6016 _d6016 |
||